000 00910nam a2200241 i 4500
005 20251108191217.0
008 250906s |||||||gr|||| 00| 0 ara d
020 _a9789777670760
040 _aJO-AmGAM
_erda
082 1 4 _a291.82
_bب و ك
100 1 _aبوكاي، موريس
_eمؤلف.
245 1 2 _aالقرآن الكريم و التوراة و الإنجيل و العلم :
_bدراسة الكتب المقدسة في ضوء المعارف الحديثة /
_cتأليف موريس بوكاي.
250 _aالطبعة الأولى.
264 3 1 _aالقاهرة :
_bشركة مدبولي،
_c2020.
300 _a281 صفحة.
336 _2rdacontent
_aنص
_btxt
337 _2rdamedia
_aدون وسيط عرض
_bn
338 _2rdacarrier
_aمجلد
_bnc
650 1 7 _aالكتب المقدسة.
650 1 7 _aالدين المقارن.
942 _2ddc
_cBK
999 _c247178
_d247178